Statistics for Fortnite gun rarity colors

Click here to take the quiz!

General Stats

  • This quiz has been taken 179 times
  • The average score is 4 of 5

Answer Stats

HintAnswer% Correct
ComonGray
99%
UncomonGreen
96%
RareBlue
93%
EpicPurple
92%
LegendaryOrange
61%

Score Distribution

Percentile by Number Answered

Percent of People with Each Score

Your Score History

You have not taken this quiz